Statistiques concernant La réponse est Lou...

Cliquez ici pour prendre le quiz!

Statistiques générales

  • Ce quiz a été pris 735 fois
  • Le résultat moyen est 10 sur 14

Statistiques - réponses

IndiceRéponse% Correct
Palais royal parisien, hébergeant un très célèbre muséele Louvre
98%
Chanteuse ayant gagné en notoriété grâce à son premier rôle dans le film "La famille Bélier"Louane
96%
Instrument de cuisine constitué d'un manche et d'un cuilleronla louche
89%
Un des trois neveux de Donald DuckLoulou
88%
Prendre à baillouer
85%
Commune française qui accueille chaque année près de 6 millions de pèlerinsLourdes
85%
Ils traquent et sont traqués par les villageois à Thiercelieux, dans un jeu de sociétéles Loups-Garous
78%
Confiserie d'origine turque ottomane faite d'une pâte à base de sucre et d'amidon saupoudrée de sucre glacele loukoum
77%
Mot familier qui signifie "un peu fou"loufoque
77%
Baton Rouge est la capitale de cet Etatla Louisiane
76%
Mammifère de la famille des Mustelidés ayant des doigts griffus et palmésla loutre
76%
Ville située en Egypte dont l'ancien nom est ThèbesLouxor
56%
"Roi des français" de 1830 à 1848Louis-Philippe Ier
46%
Méthode d'éducation scoute adaptée aux jeunes garçons et filles de 8 à 12 ansle louvetisme
14%

Distribution des résultats

Percentile par nombre de réponses

% des personnes avec chaque résultat

Votre développement - résultats

Vous n’avez pas pris ce quiz